| 000 | 00780nam a22002417a 4500 | ||
|---|---|---|---|
| 999 |
_c1761 _d1761 |
||
| 003 | AR-CdUCM | ||
| 008 | 190227b ||||| |||| 00| 0 spa d | ||
| 020 | _a8482821996 | ||
| 040 |
_aMUNICIPALIDAD PROVINCIAL DEL CUSCO _cBIBLIOTECA MUNICIPAL DEL CUSCO |
||
| 082 |
_a868.52 / _bB34 |
||
| 100 |
_aBécquer, Gustavo Adolfo _96464 |
||
| 245 | _aRimas y otros poemas / | ||
| 260 |
_aBogota : _bLa oveja negra, _c1984. |
||
| 300 |
_a121 páginas ; _c18 cm. |
||
| 440 |
_aHistoria universal de la literatura, _n99. _96465 |
||
| 650 |
_aPoesías españolas _92005 |
||
| 650 |
_aPoesías siglo XIX _96466 |
||
| 650 |
_aPoesías-historia _96467 |
||
| 650 |
_aRomanticismo España _96468 |
||
| 700 |
_aFernández Nieto, Manuel (Edición) _96469 |
||
| 942 |
_2ddc _cLIBROS |
||
| 945 | _azta | ||